[Event "Mechanics' Spring TNM; 30/90, SD/30"]
[Site "San Francisco"]
[Date "2010.03.16"]
[Round "1.4"]
[White "Thornally, Frank"]
[Black "Standen, Julian"]
[Result "1-0"]
[WhiteElo "2208"]
[BlackElo "1714"]
[PlyCount "95"]
[EventDate "2010.??.??"]

1. Nf3 d5 2. c4 c6 3. b3 Nf6 4. Bb2 Bf5 5. g3 e6 6. Bg2 Be7 7. O-O h6 8. d3 O-O
9. Nbd2 Bh7 10. a3 a5 11. Bc3 c5 12. d4 b6 13. Ne5 Na6 14. Nc6 Qc7 15. Nxe7+
Qxe7 16. Qc1 Rfd8 17. Qb2 Ne8 18. e4 Nac7 19. Rfe1 Qf8 20. exd5 exd5 21. Re5
Nf6 22. h3 Rab8 23. Rae1 cxd4 24. Bxd4 Ne6 25. cxd5 Nxd4 26. Qxd4 Qxa3 27. Ra1
Qf8 28. Nc4 Nd7 29. Re3 Qb4 30. Qf4 Nf6 31. Qc7 Nd7 32. Rae1 Rbc8 33. Qd6 Qxd6
34. Nxd6 Rb8 35. Re7 Bg6 36. Nb5 Nf6 37. R1e5 Kf8 38. Nd4 Rd7 39. Nc6 Rxe7 40.
Rxe7 Re8 41. Rb7 Ne4 42. Rxb6 Ra8 43. Ne5 Nc5 44. Nxg6+ fxg6 45. Rb5 Nd3 46.
Be4 Ne5 47. d6 Nd7 48. Bxa8 1-0

[Event "Mechanics' Spring TNM; 30/90, SD/30"]
[Site "San Francisco"]
[Date "2010.03.16"]
[Round "1.20"]
[White "Todortsev, Victor"]
[Black "Cheng, Andrew"]
[Result "1-0"]
[WhiteElo "1918"]
[BlackElo "1314"]
[PlyCount "77"]
[EventDate "2010.??.??"]

1. e4 e5 2. Nf3 d6 3. Bc4 h6 4. d4 Bg4 5. dxe5 dxe5 6. Bxf7+ Ke7 7. Qxd8+ Kxd8
8. Nxe5 Nf6 9. Ng6 Bb4+ 10. c3 Bxc3+ 11. Nxc3 Rf8 12. Nxf8 Ke7 13. Ng6+ Kxf7
14. Ne5+ Ke6 15. Nxg4 Nxg4 16. O-O Nc6 17. f4 Nd4 18. f5+ Kd7 19. Rd1 c5 20.
Nb5 Kc6 21. Nxd4+ cxd4 22. Rxd4 b5 23. Bf4 g5 24. Rc1+ Kb6 25. Rd6+ Kb7 26.
Rd7+ Kb6 27. Bc7+ Kb7 28. Be5+ Kb6 29. Bd4+ Ka5 30. h3 a6 31. hxg4 Re8 32. e5
Rb8 33. e6 b4 34. Rc5+ Rb5 35. e7 Rxc5 36. Bxc5 h5 37. Rb7 hxg4 38. e8=B g3 39.
Bxb4# 1-0

[Event "Mechanics' Spring TNM; 30/90, SD/30"]
[Site "San Francisco"]
[Date "2010.04.27"]
[Round "7.13"]
[White "Todortsev, Victor"]
[Black "Litowsky, Daniel"]
[Result "1-0"]
[WhiteElo "1918"]
[BlackElo "1700"]
[PlyCount "55"]
[EventDate "2010.??.??"]

1. e4 e5 2. Nf3 Nc6 3. Bc4 Be7 4. O-O Nf6 5. Nc3 O-O 6. d3 d6 7. h3 h6 8. a3
Be6 9. Bxe6 fxe6 10. Ne2 Qe8 11. Ng3 Nh5 12. Be3 Nf4 13. Kh2 Qg6 14. Qd2 Rf7
15. Bxf4 Rxf4 16. d4 Raf8 17. dxe5 dxe5 18. Rad1 h5 19. Qe3 h4 20. Ne2 Rxe4 21.
Qd3 Rd8 22. Qb5 Rxd1 23. Rxd1 Bd6 24. Qd3 Qf5 25. g4 hxg3+ 26. Nxg3 Qf4 27.
Qxe4 Qxe4 28. Nxe4 1-0

[Event "Mechanics' Spring TNM; 30/90, SD/30"]
[Site "San Francisco"]
[Date "2010.03.30"]
[Round "3.15"]
[White "Todortsev, Victor"]
[Black "MacIntyre, Brendan"]
[Result "1-0"]
[WhiteElo "1918"]
[BlackElo "1670"]
[PlyCount "37"]
[EventDate "2010.??.??"]

1. e4 c5 2. Nf3 Nc6 3. d4 cxd4 4. Nxd4 g6 5. Nc3 Bg7 6. Be3 Nf6 7. f3 O-O 8.
Bc4 a6 9. Bb3 b5 10. Qd2 Ne5 11. Bh6 Nc4 12. Bxc4 bxc4 13. Bxg7 Kxg7 14. g4 Bb7
15. h4 h5 16. gxh5 Nxh5 17. O-O-O Qc7 18. Nf5+ Kh7 19. Qh6+ 1-0

[Event "Mechanics' Spring TNM; 30/90, SD/30"]
[Site "San Francisco"]
[Date "2010.04.13"]
[Round "5.5"]
[White "Todortsev, Victor"]
[Black "Rosenthal, Ed"]
[Result "0-1"]
[WhiteElo "1918"]
[BlackElo "2103"]
[PlyCount "162"]
[EventDate "2010.??.??"]

1. e4 d6 2. d4 Nf6 3. Nc3 g6 4. f4 Bg7 5. Nf3 O-O 6. e5 Nfd7 7. Bc4 Nb6 8. Bb3
Bg4 9. O-O Nc6 10. Be3 Na5 11. h3 Bxf3 12. Qxf3 Nbc4 13. Ne4 c5 14. c3 Nxb3 15.
axb3 Nxe3 16. Qxe3 cxd4 17. cxd4 Qb6 18. Ng3 Rfd8 19. Rad1 Rac8 20. Rf2 dxe5
21. fxe5 Qe6 22. Qf3 f6 23. exf6 Bxf6 24. d5 Qb6 25. Ne4 Rf8 26. Nxf6+ Rxf6 27.
Qe2 Rxf2 28. Qxf2 Qxf2+ 29. Kxf2 Rc2+ 30. Kf3 Rxb2 31. Rd3 Kf7 32. g3 Kf6 33.
Ke4 h5 34. h4 Re2+ 35. Kd4 Kf7 36. Rc3 a5 37. Rc5 Rg2 38. Rxa5 Rxg3 39. Rb5
Rg4+ 40. Ke5 Rxh4 41. Rxb7 Rh1 42. d6 Re1+ 43. Kf4 Kf6 44. dxe7 Rxe7 45. Rb5
Re1 46. Rb6+ Kg7 47. b4 Rf1+ 48. Kg3 Kh6 49. Rc6 Rg1+ 50. Kh3 Rb1 51. Rc4 Rb3+
52. Kg2 g5 53. Rc6+ Kg7 54. Rc5 Rb2+ 55. Kh3 Kg6 56. Rc6+ Kf5 57. Rc5+ Kf4 58.
Rc4+ Kf3 59. Rc3+ Kf2 60. Rc5 Rb3+ 61. Kh2 Rxb4 62. Rc2+ Kf3 63. Rc3+ Kg4 64.
Rc2 h4 65. Rg2+ Kh5 66. Rc2 g4 67. Rc5+ Kg6 68. Rc2 Kg5 69. Rc5+ Kf4 70. Rc2
Rb3 71. Rf2+ Ke3 72. Rc2 Kf3 73. Ra2 Re3 74. Ra7 Re2+ 75. Kg1 h3 76. Rf7+ Kg3
77. Rf1 Ra2 78. Rc1 Ra3 79. Rb1 Rf3 80. Rc1 Kh4 81. Rb1 g3 {
there were some moves after move 81, but they're illegible.} 0-1

[Event "Mechanics' Spring TNM; 30/90, SD/30"]
[Site "San Francisco"]
[Date "2010.03.23"]
[Round "2.16"]
[White "Traub, Igor"]
[Black "Allen, Tom"]
[Result "1-0"]
[WhiteElo "2104"]
[BlackElo "1547"]
[PlyCount "75"]
[EventDate "2010.??.??"]

1. e4 e5 2. Nf3 Nc6 3. Bb5 f5 4. d4 fxe4 5. Bxc6 dxc6 6. Nxe5 Nf6 7. Bg5 Be7 8.
Bxf6 Bxf6 9. Qh5+ g6 10. Nxg6 hxg6 11. Qxg6+ Kf8 12. Qxe4 Qxd4 13. Qxd4 Bxd4
14. c3 Be5 15. Nd2 Rxh2 16. Rxh2 Bxh2 17. g3 Bh3 18. Ke2 Bxg3 19. fxg3 Bg4+ 20.
Ke3 Kg7 21. Kf4 Be6 22. g4 a6 23. b3 Rf8+ 24. Kg3 Rd8 25. Nf3 b5 26. Re1 Rd6
27. Nd4 Bd7 28. b4 Kg6 29. Re5 Kf6 30. Rh5 Kg6 31. Rc5 Kf6 32. Kf4 Rd5 33. g5+
Kg7 34. Rxd5 cxd5 35. Ke5 Kg6 36. Ne6 Bxe6 37. Kxe6 Kxg5 38. Kxd5 1-0

[Event "Mechanics' Spring TNM; 30/90, SD/30"]
[Site "San Francisco"]
[Date "2010.04.06"]
[Round "4.7"]
[White "Traub, Igor"]
[Black "Chernobilskiy, Mikhail"]
[Result "1-0"]
[WhiteElo "2104"]
[BlackElo "1858"]
[PlyCount "82"]
[EventDate "2010.??.??"]

1. d4 d5 2. c4 c6 3. Nf3 Nf6 4. Nc3 e6 5. Bg5 Nbd7 6. e3 Be7 7. Bd3 O-O 8. O-O
Re8 9. Rc1 Nf8 10. Ne5 N6d7 11. Bxe7 Qxe7 12. f4 f6 13. Nf3 Nb6 14. b3 Bd7 15.
c5 Nc8 16. b4 Ng6 17. Qc2 Qf7 18. Rb1 Nce7 19. b5 Nf5 20. Rfe1 h6 21. bxc6 bxc6
22. Rb7 Reb8 23. Qb1 Qe8 24. e4 Qc8 25. Ba6 Nfe7 26. exd5 exd5 27. Rxb8 Qxb8
28. Bb7 Bf5 29. Qb3 a5 30. Bxa8 Qxa8 31. Nh4 Qc8 32. Nxg6 Nxg6 33. g3 Kh7 34.
Qb6 Bd3 35. Nd1 Nxf4 36. Nf2 Ne2+ 37. Kg2 Nxd4 38. Nxd3 Qf5 39. Nf4 Qc2+ 40.
Kh3 Qf5+ 41. Kg2 Qc2+ 1-0

[Event "Mechanics' Spring TNM; 30/90, SD/30"]
[Site "San Francisco"]
[Date "2010.04.27"]
[Round "7.3"]
[White "Traub, Igor"]
[Black "Zavadsky, Peter"]
[Result "1-0"]
[WhiteElo "2104"]
[BlackElo "2258"]
[PlyCount "87"]
[EventDate "2010.??.??"]

1. Nf3 Nf6 2. d3 d5 3. g3 c5 4. Bg2 Nc6 5. Nbd2 e5 6. O-O Be7 7. e4 d4 8. h3
O-O 9. a4 Nd7 10. Nc4 f6 11. a5 Rb8 12. Nh4 b5 13. axb6 Nxb6 14. Nxb6 axb6 15.
Nf5 Kh8 16. f4 Be6 17. b3 b5 18. Ra6 Rb6 19. Rxb6 Qxb6 20. Nxe7 Nxe7 21. fxe5
Ng8 22. Bg5 h6 23. exf6 Nxf6 24. Bxf6 Rxf6 25. Rxf6 gxf6 26. Qh5 Kg7 27. e5 f5
28. Qh4 Bf7 29. Qe7 Kg8 30. Qd6 Qxd6 31. exd6 Kf8 32. Bc6 b4 33. Bd7 Bg6 34.
Be6 Bh5 35. g4 fxg4 36. hxg4 Bg6 37. Kg2 Ke8 38. Kg3 Kd8 39. Kf4 Be8 40. Ke5
Bc6 41. Bd5 Be8 42. Be4 Bf7 43. Bf5 h5 44. Kf6 1-0

[Event "Mechanics' Spring TNM; 30/90, SD/30"]
[Site "San Francisco"]
[Date "2010.04.20"]
[Round "6.17"]
[White "Woebcke, Carl"]
[Black "Cheng, Andrew"]
[Result "1-0"]
[WhiteElo "1748"]
[BlackElo "1314"]
[PlyCount "63"]
[EventDate "2010.??.??"]

1. e4 e5 2. f4 Nc6 3. Nf3 d6 4. Bb5 Bg4 5. O-O Bxf3 6. Qxf3 Nf6 7. d4 a6 8.
Bxc6+ bxc6 9. c3 Qe7 10. Nd2 O-O-O 11. Qe2 Kb7 12. Nc4 Ka7 13. dxe5 dxe5 14.
Nxe5 Kb7 15. Be3 Nxe4 16. Rad1 Nd6 17. Rd4 a5 18. Ra4 Ra8 19. b4 f6 20. Nd3 Ne4
21. Qb2 Kc8 22. bxa5 Nxc3 23. Qxc3 Qxe3+ 24. Kh1 Bd6 25. Re1 Qa7 26. Qxc6 Qa6
27. Qd5 Rd8 28. Qe6+ Rd7 29. Rd1 Qc6 30. Rb4 Rxa5 31. Qe8+ Rd8 32. Qxc6 1-0

[Event "Mechanics' Spring TNM; 30/90, SD/30"]
[Site "San Francisco"]
[Date "2010.03.23"]
[Round "2.18"]
[White "Woebcke, Carl"]
[Black "Mar, Henry"]
[Result "1-0"]
[WhiteElo "1748"]
[BlackElo "1500"]
[PlyCount "57"]
[EventDate "2010.??.??"]

1. e4 c5 2. Nf3 Nc6 3. d4 cxd4 4. Nxd4 g6 5. Be3 Nf6 6. Nc3 Bg7 7. Qd2 O-O 8.
Be2 d6 9. Rd1 a6 10. h3 Qc7 11. g4 b5 12. g5 Nd7 13. Nd5 Qb7 14. Nxc6 Kh8 15.
Ncxe7 Ne5 16. Nxc8 Raxc8 17. Bd4 Rfe8 18. f4 Nc4 19. Bxg7+ Kxg7 20. Qd4+ Ne5
21. O-O Rc4 22. Bxc4 bxc4 23. fxe5 dxe5 24. Qb6 Qd7 25. Nf6 Qxh3 26. Nxe8+ Kf8
27. Qd6+ Kg8 28. Nf6+ Kg7 29. Nh5+ 1-0

[Event "Mechanics' Spring TNM; 30/90, SD/30"]
[Site "San Francisco"]
[Date "2010.04.06"]
[Round "4.15"]
[White "Woebcke, Carl"]
[Black "Shnaiderman, Lazar"]
[Result "1/2-1/2"]
[WhiteElo "1748"]
[BlackElo "1873"]
[PlyCount "58"]
[EventDate "2010.??.??"]

1. e4 c5 2. Nf3 g6 3. d4 cxd4 4. Nxd4 Nc6 5. c4 Nf6 6. Nc3 d6 7. Be2 Bg7 8. Be3
O-O 9. O-O Nxd4 10. Bxd4 Be6 11. f4 Qa5 12. Nd5 Bxd5 13. exd5 Nd7 14. Bxg7 Kxg7
15. Qd4+ Kg8 16. a3 Qc5 17. Rad1 a5 18. Qxc5 Nxc5 19. b4 axb4 20. axb4 Ne4 21.
Bd3 Nf6 22. Rfe1 Rfe8 23. Bf1 Ra4 24. Rb1 Kf8 25. Red1 Rc8 26. Re1 b5 27. Rec1
bxc4 28. Rxc4 Rb8 29. Rd4 Rb6 1/2-1/2

[Event "Mechanics' Spring TNM; 30/90, SD/30"]
[Site "San Francisco"]
[Date "2010.04.13"]
[Round "5.2"]
[White "Wong, Russell"]
[Black "Fuentes, Romulo"]
[Result "1/2-1/2"]
[WhiteElo "2200"]
[BlackElo "2201"]
[PlyCount "86"]
[EventDate "2010.??.??"]

1. e4 c5 2. f4 g6 3. Nf3 Bg7 4. g3 Nc6 5. Bg2 d6 6. c3 h5 7. d3 Nh6 8. Na3 Bg4
9. h3 Be6 10. Qe2 Qd7 11. Ng5 O-O-O 12. Be3 Kb8 13. Nc2 f5 14. Nxe6 Qxe6 15.
Bf2 Qf7 16. exf5 gxf5 17. d4 e5 18. dxe5 dxe5 19. Bxc6 bxc6 20. fxe5 Qd5 21.
O-O h4 22. Rad1 Qxe5 23. Qxe5+ Bxe5 24. gxh4 f4 25. Bxc5 Rdg8+ 26. Kf2 Nf5 27.
Nd4 Bxd4+ 28. Bxd4 Rxh4 29. Rg1 Ng3 30. Be5+ Kc8 31. Rd4 Rxh3 32. Rxf4 Re8 33.
Rxg3 Rxg3 34. Kxg3 Rxe5 35. Kf3 Kb7 36. Re4 Rh5 37. a4 a5 38. Ke3 Rh2 39. b4
axb4 40. Rxb4+ Ka6 41. Kd4 Rh5 42. Rb8 Ka7 43. Re8 Ra5 1/2-1/2

[Event "Mechanics' Spring TNM; 30/90, SD/30"]
[Site "San Francisco"]
[Date "2010.03.30"]
[Round "3.1"]
[White "Wong, Russell"]
[Black "Grefe, John"]
[Result "1/2-1/2"]
[WhiteElo "2200"]
[BlackElo "2373"]
[PlyCount "66"]
[EventDate "2010.??.??"]

1. d4 Nf6 2. c4 c5 3. d5 e5 4. Nc3 d6 5. e4 Be7 6. Bd3 Nbd7 7. Nge2 h5 8. Qa4
a6 9. Ng3 g6 10. a3 Kf8 11. Bd2 Kg7 12. Nge2 h4 13. f3 Nh7 14. g3 Bg5 15. f4
Bh6 16. O-O-O Nhf6 17. Rdf1 b5 18. cxb5 Nb6 19. Qd1 Bh3 20. Rfg1 c4 21. Bc2
Nfd7 22. Be3 Bg4 23. Qf1 h3 24. bxa6 Rxa6 25. Nb5 Nc5 26. Nec3 Qd7 27. Qf2 Rc8
28. fxe5 Bxe3+ 29. Qxe3 dxe5 30. Rf1 Nb3+ 31. Kb1 Na4 32. Nxa4 Qxb5 33. Bxb3
cxb3 1/2-1/2

[Event "Mechanics' Spring TNM; 30/90, SD/30"]
[Site "San Francisco"]
[Date "2010.04.27"]
[Round "7.5"]
[White "Wong, Russell"]
[Black "Grey, Peter"]
[Result "1/2-1/2"]
[WhiteElo "2200"]
[BlackElo "2007"]
[PlyCount "56"]
[EventDate "2010.??.??"]

1. e4 d5 2. e5 Bf5 3. d3 e6 4. g4 Bg6 5. h4 h5 6. g5 Ne7 7. Ne2 Bf5 8. Ng3 Bg4
9. f3 Bf5 10. d4 c5 11. Nc3 Bg6 12. dxc5 Nec6 13. f4 Bxc5 14. f5 Bxf5 15. Nxf5
exf5 16. Qxd5 Qe7 17. Bf4 O-O 18. O-O-O Rd8 19. Qf3 Rxd1+ 20. Qxd1 Nd7 21. Nd5
Qd8 22. e6 fxe6 23. Nc7 Be3+ 24. Bxe3 Qxc7 25. Qxh5 Qe5 26. Bd2 Nd4 27. Bc4 Qe4
28. Qd1 Nb6 1/2-1/2

[Event "Mechanics' Spring TNM; 30/90, SD/30"]
[Site "San Francisco"]
[Date "2010.03.16"]
[Round "1.6"]
[White "Wong, Russell"]
[Black "Litowsky, Daniel"]
[Result "1-0"]
[WhiteElo "2200"]
[BlackElo "1700"]
[PlyCount "52"]
[EventDate "2010.??.??"]

1. e4 e5 2. Nc3 Nf6 3. Nf3 Nc6 4. Bb5 d6 5. O-O Be7 6. d4 exd4 7. Nxd4 Bd7 8.
Nxc6 bxc6 9. Bd3 O-O 10. b3 Bg4 11. f3 Bh5 12. Bb2 Qd7 13. Ne2 Bg6 14. Nf4 Nh5
15. Nxh5 Bxh5 16. g4 Bg6 17. f4 f6 18. Qf3 Rae8 19. Rae1 Bd8 20. Qg3 Re7 21. h4
h6 22. f5 Bf7 23. g5 hxg5 24. hxg5 fxg5 25. Bxg7 Kxg7 26. f6+ Kh7 {
remainder illegible. W won in a few more moves.} 1-0

[Event "Mechanics' Spring TNM; 30/90, SD/30"]
[Site "San Francisco"]
[Date "2010.04.20"]
[Round "6.21"]
[White "Yamamoto, Craig"]
[Black "Campers, Willie"]
[Result "0-1"]
[WhiteElo "1624"]
[BlackElo "1686"]
[PlyCount "22"]
[EventDate "2010.??.??"]

1. d4 d5 2. Bf4 Nf6 3. Nf3 c6 4. h3 Bf5 5. e3 e6 6. b3 Qa5+ 7. Qd2 Qb6 8. c4
Bb4 9. Nc3 Ne4 10. c5 Qa5 11. Qb2 Bxc3+ 0-1

[Event "Mechanics' Spring TNM; 30/90, SD/30"]
[Site "San Francisco"]
[Date "2010.04.06"]
[Round "4.16"]
[White "Yamamoto, Craig"]
[Black "Newey, Richard"]
[Result "0-1"]
[WhiteElo "1624"]
[BlackElo "1754"]
[PlyCount "54"]
[EventDate "2010.??.??"]

1. e4 c5 2. d4 cxd4 3. Qxd4 Nc6 4. Qa4 d6 5. Nc3 Bd7 6. Nf3 e5 7. Qb5 Na5 8.
Qd3 Nf6 9. Be2 a6 10. Bg5 Be7 11. O-O b5 12. Nd2 Bc6 13. Bf3 b4 14. Ne2 Bb5 15.
Qe3 Rc8 16. Rfc1 h6 17. Bxf6 Bxf6 18. b3 Bg5 19. Nf4 Bxf4 20. Qe1 Qg5 21. Nc4
Nxc4 22. bxc4 Rxc4 23. Rd1 Qe7 24. Be2 Rc5 25. Bxb5+ Rxb5 26. c4 bxc3 27. Qxc3
O-O 0-1

[Event "Mechanics' Spring TNM; 30/90, SD/30"]
[Site "San Francisco"]
[Date "2010.04.13"]
[Round "5.1"]
[White "Zavadsky, Peter"]
[Black "Grefe, John"]
[Result "1/2-1/2"]
[WhiteElo "2258"]
[BlackElo "2373"]
[PlyCount "120"]
[EventDate "2010.??.??"]

1. e4 c5 2. Nf3 e6 3. d4 cxd4 4. Nxd4 Nc6 5. Nc3 d6 6. Be2 Nf6 7. Be3 Be7 8.
O-O O-O 9. f4 Bd7 10. Kh1 Nxd4 11. Bxd4 Bc6 12. Bd3 Qa5 13. Qe1 Qb4 14. Nd5
Nxd5 15. c3 Qxb2 (15... Qa5 16. exd5 Qxd5) 16. exd5 Bxd5 17. Qg3 f6 (17... g6
18. Rae1 (18. f5 Bh4 19. Qg4 exf5 20. Bxf5 h5) 18... Qxa2 (18... Bh4) 19. Ra1
Qxg2+ (19... Qb2 20. Rfb1 Qd2 21. Rd1 $11) (19... Bh4 20. Rxa2 (20. Qh3 Qd2 21.
Rad1 Qa2 22. Ra1 Qd2 23. Rfd1 Qxf4) 20... Bxg3 21. c4 Bxc4 22. Bxc4 Bxf4)) 18.
Rae1 Qxa2 (18... e5 19. Re2 Qa3 20. c4 Qa4) 19. Ra1 Qxg2+ 20. Qxg2 Bxg2+ 21.
Kxg2 Rfc8 22. c4 a6 23. f5 e5 24. Bb6 Kf8 25. Kf3 g6 26. Ra4 d5 27. cxd5 Rc3
28. Ke2 Kf7 29. Rc4 Rxc4 30. Bxc4 Rc8 31. Bd3 Bd6 32. Be3 Rc3 33. Rb1 b5 34.
Ra1 Ra3 35. Rxa3 Bxa3 36. Kd2 Bd6 37. Be4 a5 38. Bb6 a4 39. Bc2 a3 40. Kc3 b4+
41. Kb3 g5 42. Bd1 Ke7 43. Be2 Kd7 44. h3 Ke7 45. Kc2 a2 46. Kb2 b3 47. Bc4
Ba3+ 48. Ka1 h5 49. Bxb3 Kd6 50. Kxa2 Bc5 51. Bd8 g4 52. hxg4 hxg4 53. Bd1 Kxd5
54. Bxg4 Ke4 55. Bxf6 Kf4 56. Bh3 Kg3 57. Bf1 Kf4 58. Bh3 Kg3 59. Bxe5+ Kxh3
60. Kb3 Kg4 1/2-1/2

[Event "Mechanics' Spring TNM; 30/90, SD/30"]
[Site "San Francisco"]
[Date "2010.05.04"]
[Round "8.5"]
[White "Zavadsky, Peter"]
[Black "Krasnov, Steven"]
[Result "1/2-1/2"]
[WhiteElo "2258"]
[BlackElo "1944"]
[PlyCount "120"]
[EventDate "2010.??.??"]

1. d4 Nf6 2. c4 e6 3. Nf3 d5 4. Bg5 dxc4 5. e4 h6 6. Bxf6 Qxf6 7. Nc3 a6 8.
Bxc4 b5 9. Bb3 Bb7 10. O-O Nd7 11. Qe2 c5 12. dxc5 Bxc5 13. Rad1 Rd8 14. Rd3
O-O 15. Rfd1 Nb6 16. Qd2 Rxd3 17. Qxd3 Rc8 18. e5 Qf4 19. Ne2 Qe4 20. Qd2 Bd5
21. Nc3 Qb4 22. Nxd5 Nxd5 23. Bxd5 exd5 24. h3 Be7 25. Qxb4 Bxb4 26. Rxd5 Rc1+
27. Kh2 Rc2 28. a3 Be7 29. b4 Rc3 30. Nd4 Rxa3 31. Nc6 Bg5 32. h4 Rc3 33. Rd6
Bc1 34. g3 Rc2 35. Kg1 g6 36. Ne7+ Kf8 37. Nd5 Bb2 38. Nf6 Bxe5 39. Rxa6 Bxf6
40. Rxf6 Rc4 41. Rb6 Rxb4 42. h5 Kg7 43. hxg6 fxg6 44. Kg2 Rb2 45. g4 Kf7 46.
Kg3 Kg7 47. f4 Rb3+ 48. Kf2 Rb2+ 49. Kf3 b4 50. Ke4 Re2+ 51. Kf3 Rd2 52. Ke4
Rg2 53. Rxb4 Rxg4 54. Ke5 h5 55. Rb7+ Kg8 56. f5 gxf5 57. Kxf5 Rg2 58. Rb8+ Kh7
59. Rb7+ Kh6 60. Rb6+ Kh7 1/2-1/2

[Event "Mechanics' Spring TNM; 30/90, SD/30"]
[Site "San Francisco"]
[Date "2010.03.30"]
[Round "3.2"]
[White "Zavadsky, Peter"]
[Black "Manvelyan, Hayk"]
[Result "1-0"]
[WhiteElo "2258"]
[BlackElo "2094"]
[PlyCount "97"]
[EventDate "2010.??.??"]

1. d4 e6 2. e4 d5 3. Nc3 Bb4 4. e5 c5 5. a3 Bxc3+ 6. bxc3 Ne7 7. Nf3 Qa5 8. Qd2
Nbc6 9. Rb1 c4 10. Be2 O-O 11. O-O b6 12. Bb2 Qa4 13. Rbe1 Bd7 14. Bd1 a5 15.
Bc1 Na7 16. Qg5 Ng6 17. h4 h6 18. Qh5 Kh7 19. Re3 Be8 20. Ng5+ Kg8 21. Nh3 Qd7
22. Rg3 Kh7 23. Ng5+ Kg8 24. Nf3 f5 25. exf6 Rxf6 26. Qg4 Kh7 27. h5 Nf8 28.
Ne5 Qe7 29. a4 Rf5 30. Ba3 Qf6 31. Qh3 Bxa4 32. Bg4 Bxc2 33. Bxf5+ Bxf5 34. Qh2
Nb5 35. Bxf8 Qxf8 36. Rf3 Qa3 37. Qg3 Nd6 38. Rxf5 exf5 39. Qg6+ Kh8 40. Qxd6
Qxc3 41. Qxd5 Rg8 42. Ng6+ Kh7 43. Qxf5 Rd8 44. Ne5+ Kg8 45. Qe6+ Kh7 46. Qxb6
Rxd4 47. Qg6+ Kg8 48. Qe8+ Kh7 49. Ng6 1-0

[Event "Mechanics' Spring TNM; 30/90, SD/30"]
[Site "San Francisco"]
[Date "2010.03.16"]
[Round "1.2"]
[White "Zavadsky, Peter"]
[Black "Woebcke, Carl"]
[Result "1-0"]
[WhiteElo "2258"]
[BlackElo "1748"]
[PlyCount "63"]
[EventDate "2010.??.??"]

1. d4 d5 2. c4 e6 3. Nc3 Nf6 4. Bg5 Be7 5. e3 O-O 6. Nf3 h6 7. Bh4 Nbd7 8. Rc1
b6 9. Qa4 Bb7 10. cxd5 exd5 11. Bd3 a6 12. O-O b5 13. Qd1 c5 14. dxc5 Nxc5 15.
Bb1 Rc8 16. Bf5 Rc7 17. Bg3 Bd6 18. b4 Nce4 19. Nxe4 Nxe4 20. Bxd6 Rxc1 21.
Qxc1 Nxd6 22. Bb1 Nc4 23. Rd1 Qe7 24. Qc3 Rc8 25. h4 f6 26. Qd3 Qe4 27. Qe2 Qe7
28. Nd4 Nd6 29. Qg4 Ne4 30. Nf5 Qf8 31. Bxe4 dxe4 32. Rd7 1-0